| Tag |
First Indicator |
Second Indicator |
Subfields |
| LEADER |
00000cam a22000001a 4500 |
| 001 |
in00003028362 |
| 005 |
20190402174434.0 |
| 006 |
m o d |
| 007 |
cr un mmmapmmp |
| 008 |
070321s1907 dcu o f000 0 eng d |
| 035 |
|
|
|a cis2004120843
|
| 040 |
|
|
|a UMI
|c UMI
|d UtOrBLW
|
| 043 |
|
|
|a n-us---
|
| 099 |
|
|
|a ProQuest Serial Set Number 5063-C S.rp.6328
|
| 110 |
1 |
|
|a United States.
|b Congress.
|b Senate.
|b Committee on Pensions.
|
| 245 |
1 |
0 |
|a Jacob Palmer.
|
| 246 |
1 |
|
|a Increase of pension for Jacob Palmer
|
| 264 |
|
1 |
|a Washington :
|b [publisher not identified],
|c 1907.
|
| 300 |
|
|
|a 1 online resource.
|
| 336 |
|
|
|a text
|b txt
|2 rdacontent
|
| 337 |
|
|
|a computer
|b c
|2 rdamedia
|
| 338 |
|
|
|a online resource
|b cr
|2 rdacarrier
|
| 490 |
0 |
|
|a S.rp.6328
|
| 500 |
|
|
|a Record is based on bibliographic data in ProQuest U.S. Serial Set Digital Collection (last viewed Mar. 2007). Reuse except for individual research requires license from ProQuest, LLC.
|
| 510 |
3 |
|
|a ProQuest U.S. Serial Set Digital Collection
|
| 500 |
|
|
|a Electronic resource.
|
| 610 |
1 |
0 |
|a United States.
|b Congress
|v Private bills.
|
| 650 |
|
0 |
|a Bills, Private
|z United States.
|
| 651 |
|
0 |
|a United States
|x Claims.
|
| 655 |
|
7 |
|a Electronic books.
|2 local
|
| 710 |
2 |
|
|a ProQuest (Firm)
|
| 830 |
|
0 |
|a United States congressional serial set.
|
| 856 |
4 |
0 |
|u http://proxy.library.tamu.edu/login?url=http://congressional.proquest.com/congcomp/getdoc?SERIAL-SET-ID=5063-C+S.rp.6328
|z Connect to the full text of this electronic book
|t 0
|
| 999 |
|
|
|a MARS
|
| 999 |
f |
f |
|s 0883aa8a-c5a9-3c2b-813a-b800cd5435e6
|i 29a2d270-6a87-38c4-995d-5e4d760c0a58
|t 0
|
| 952 |
f |
f |
|a Texas A&M University
|b College Station
|c Electronic Resources
|d Available Online
|t 0
|e ProQuest Serial Set Number 5063-C S.rp.6328
|h Other scheme
|
| 998 |
f |
f |
|a ProQuest Serial Set Number 5063-C S.rp.6328
|t 0
|l Available Online
|